Closest country acrostics- J and K countries - Statistics

General Stats
  • This quiz has been taken 745 times
  • The average score is 47 of 59
Answer Stats
Hint Answer % Correct
A Antigua and Barbuda
96%
J Jordan
93%
O Oman
91%
Z Zambia
90%
C Cuba
89%
J Jordan
89%
K Kyrgyzstan
89%
A Argentina
88%
M Mexico
88%
J Japan
87%
O Oman
87%
Y Yemen
86%
A Azerbaijan
85%
E Ethiopia
85%
Y Yemen
85%
H Hungary
84%
R Romania
84%
Z Zambia
84%
A Afghanistan
83%
D Djibouti
83%
K Kazakhstan
83%
K Kuwait
83%
N North Korea
83%
T Tajikistan
83%
A Armenia
82%
A Armenia
82%
I Indonesia
82%
K Kuwait
81%
P Philippines
81%
S Serbia
81%
V Vatican City
80%
A Angola
79%
I India
79%
K Kuwait
79%
K Kyrgyzstan
79%
I Iraq
78%
U United Arab Emirates
78%
A Azerbaijan
77%
I Iceland
77%
A Afghanistan
76%
G Georgia
76%
N Nepal
76%
T Tajikistan
76%
T Turkmenistan
76%
T Tuvalu
76%
A Azerbaijan
75%
N Namibia
75%
R Russia
75%
A Australia
74%
K Kyrgyzstan
74%
A Afghanistan
73%
B Brunei
71%
N Nepal
71%
R Russia
70%
A Andorra
66%
N Netherlands
61%
S Saudi Arabia
55%
I Iceland
54%
S Sweden
44%
No matching quizzes found
Score Distribution
Percent of People with Each Score
Percentile by Number Answered
Your Score History
You have not taken this quiz